Logistic regression : a self-learning text

Αποθηκεύτηκε σε:
Λεπτομέρειες βιβλιογραφικής εγγραφής
Κύριος συγγραφέας: Kleinbaum, David G.
Άλλοι συγγραφείς: Klein, Mitchel
Μορφή: Βιβλίο
Γλώσσα:English
Δημοσίευση: New York : Springer, c2002
Έκδοση:2nd ed.
Σειρά:Statistics for biology and health
Θέματα:
Ετικέτες: Προσθήκη ετικέτας
Δεν υπάρχουν, Καταχωρήστε ετικέτα πρώτοι!

MARC

LEADER 00000nam a2200000 i 4500
001 1/47920
008 070710s2002 eng d
020 |a 0-387-95397-3 
035 |l 10088774 
040 |a GR-MY-UA  |b gre  |e aacr 
041 0 |a eng 
082 0 |a 610.72  |2 (22) 
100 1 |a Kleinbaum, David G. 
245 1 0 |a Logistic regression :  |b a self-learning text /  |c David G. Kleinbaum, Mitchel Klein ; with contributions by Erica Rihl Pryor 
250 |a 2nd ed. 
260 |a New York :   |b Springer,   |c c2002 
300 |a xiv, 513 σ.;  |b εικ.;  |c 25 εκ. 
490 1 |a Statistics for biology and health 
504 |a Περιέχει βιβλιογραφία (σ. 503-505) και ευρετήριο 
650 0 0 |a Medicine  |x Research  |x Statistical methods. 
650 0 0 |a Regression analysis. 
650 0 0 |a Logistic distribution. 
700 1 |a Klein, Mitchel. 
700 1 |a Pryor, Erica Rihl.  |4 oth 
830 0 |a Statistics for biology and health 
852 |a INST  |b LESVOS  |e 20070710  |h 610.72 KLE  |p 005100041535  |q 005100041535  |t BK  |y 0 
901 |a BIBL1-2007-2 
909 |a Λ  |b 135613 
922 |a 1ΕΛΗ  |b 200706  |c ΕΠΕΑΕΚ2/ΤΓ  |d ΠΑΠΑΣΩΤΗΡΙΟΥ 
970 |a ΚΑΡΑ  |b ΓΙΑΣΕΜΗ  |z 2007/07/10